| 000 | 01735nam0a2200397 4500 | ||
|---|---|---|---|
| 001 | RU\NLR\BIBL_A\012301985 | ||
| 005 | 20200916150943.0 | ||
| 010 |
_a978-5-17-121152-3 _94000 |
||
| 021 |
_aRU _bКН-П-20-016809 _9КН-П-20-1309 |
||
| 035 | _a(NLR Aleph) 012301985 | ||
| 035 | _a(RuMoRGB)010308380 | ||
| 090 |
_a11325245 _c11325245 |
||
| 100 | _a20200727d2020 u y0rusy50 ca | ||
| 101 | 0 | _arus | |
| 102 | _aRU | ||
| 105 | _aa|||z|||000zy | ||
| 181 | 0 |
_ai _baxxe |
|
| 182 | 0 | _an | |
| 200 | 1 |
_aСколько лет твоей душе? _fСергей Коновалов |
|
| 203 |
_aТекст _bвизуальный _cнепосредственный |
||
| 210 |
_aМосква _cАСТ _d2020 |
||
| 215 |
_a379, [1] с. _cил. _d21 |
||
| 225 | 1 |
_aИнформационно-Энергетическое Учение _eначальный курс |
|
| 300 | _aНа 4-й с. обл. авт.: С.С. Коновалов - д-р мед. наук, проф., действ. чл. Междунар. акад. наук экологии и безопасности человека и природы, композитор | ||
| 320 | _aДр. кн. авт. в аннот. | ||
| 333 | _a16+ | ||
| 606 | 1 |
_aЭзотерические учения _91568890 _3RU\NLR\AUTH\66986948 |
|
| 606 | 1 |
_aТерапия нетрадиционная _jПопулярные издания _92050901 _3RU\NLR\AUTH\66946143 |
|
| 686 | 1 | _aЭ391,0 | |
| 686 | 1 | _aР358.9я9 | |
| 700 | 1 |
_7ca _8rus _aКоновалов _bС. С. _cд-р мед. наук _f1954- _gСергей Сергеевич _966160 _3RU\NLR\AUTH\7783232 |
|
| 942 | _cBOOK | ||
| 980 | _aNBR | ||
| 980 | _aNB | ||